000 00815 a2200217 4500
020 _a0071158413
020 _a9780071158411
090 _c1906
_d1906
100 1 _aPerreautl, Jr. and E. Jerome McCarthy William D.
245 1 0 _aApplications in basic marketing /
_cJr. and E. Jerome McCarthy William D. Perreautl.
250 _aInternational Ed ed.
260 _a[S.l.] :
_bIrwin McGRAW-HILL,
_c1998.
300 _a192 p.
490 1 _aClippings from the popular business press.
500 _aImport.
500 _aPaperback.
830 0 _aClippings from the popular business press.
856 4 0 _3Amazon.com
_uhttp://www.amazon.com/exec/obidos/ASIN/0071158413/chopaconline-20
856 4 0 _3Amazon customer reviews
_uhttp://www.chopac.org/cgi-bin/tools/azrev.pl?q=0071158413
942 _aNBS
_cBK
_k658.8 PER
999 _c344416
_d344416